[Event "IND-ch U25"]
[Site "Calicut"]
[Date "2013.10.04"]
[Round "4"]
[White "Audi, Saiesh"]
[Black "Varghese, Chacko M"]
[Result "0-1"]
[WhiteElo "1384"]
[BlackElo "1485"]
[PlyCount "54"]
[EventDate "2013.10.02"]
[EventType "swiss"]
[EventRounds "9"]
[EventCountry "IND"]
[SourceTitle "EXT 2014"]
[Source "ChessBase"]
[SourceDate "2013.11.20"]
[SourceVersion "1"]
[SourceVersionDate "2013.11.20"]
[SourceQuality "1"]

1. d4 d5 2. Nf3 Nf6 3. g3 b6 4. Bg2 e6 5. 0-0 Bb7 6. Bf4 Bd6 7. Bxd6 Qxd6 8. c4 0-0 9. cxd5 exd5 10. Nc3 c6 11. Qc2 Nbd7 12. e3 Rfe8 13. Nh4 g6 14. Rad1 Kg7 15. Rfe1 Re7 16. e4 dxe4 17. Nxe4 Nxe4 18. Bxe4 Rae8 19. Re3 Nf6 20. Bg2 Rxe3 21. fxe3 Rxe3 22. Qd2 Qe7 23. Nf3 Re2 24. Qc3 Rxg2+ 25. Kxg2 Qe2+ 26. Kg1 Qxd1+ 27. Kf2 Ne4+ 0-1